Técnica de la danza : anatomía y prevención de lesiones /
Se explican aquí las condiciones musculoesqueléticas y las técnicas dancísticas que pueden causar lesiones en el bailarín, tanto para la prevención como el tratamiento de: esquinces, roturas, luxaciones, fracturas, distensiones, hernias, retracciones y dolores específicos.
Guardado en:
| Autor principal: | |
|---|---|
| Otros autores: | |
| Formato: | Libro |
| Idioma: | Español |
| Publicado: |
Barcelona, España :
Paidotribo,
2011, c2011
|
| Edición: | 2a edición |
| Temas: | |
| Etiquetas: |
Sin etiquetas, Sé el primero en etiquetar este registro!
|
MARC
| LEADER | 00000nam^a2200000^a^4500 | ||
|---|---|---|---|
| 001 | 000410056 | ||
| 005 | 20250521000000.0 | ||
| 009 | 20260310122037.563 | ||
| 020 | |a 978-84-9910-093-7 | ||
| 037 | |a Acervo ITESO - Biblioteca | ||
| 041 | |a ESP | ||
| 082 | |a 782. 181 |b HOW | ||
| 100 | |a Howse, Justin |e (autor) | ||
| 245 | 1 | 0 | |a Técnica de la danza : |b anatomía y prevención de lesiones / |c J. Howse, M. McCormack ; pról. de Dame Ninette de Valois ; tr. por Pedro González del Campo Román. |
| 250 | |a 2a edición | ||
| 264 | 4 | |a Barcelona, España : |b Paidotribo, |c 2011, c2011 | |
| 300 | |a IX, 248 p. | ||
| 336 | |a texto |b txt |2 rdacontenido | ||
| 337 | |a sin mediación |b n |2 rdamedio | ||
| 338 | |a volumen |b nc |2 rdasoporte | ||
| 500 | |a Traducción de: Anatomy, Dance Technique and Injury Prevention | ||
| 520 | |a Se explican aquí las condiciones musculoesqueléticas y las técnicas dancísticas que pueden causar lesiones en el bailarín, tanto para la prevención como el tratamiento de: esquinces, roturas, luxaciones, fracturas, distensiones, hernias, retracciones y dolores específicos. | ||
| 521 | |a Peticiones 2019 | ||
| 590 | |a Traducción de la 4a edición en inglés | ||
| 649 | |a XX | ||
| 650 | |a Sistema Musculoesquelético - |x Heridas y Lesiones - |x Tema Principal | ||
| 650 | |a Sistema Musculoesquelético - |x Heridas y Lesiones - |x Tratamiento - |x Tema Principal | ||
| 650 | |a Sistema Musculoesquelético | ||
| 650 | |a Anatomía | ||
| 650 | |a Danza - |x Técnica - |x Tema Principal | ||
| 650 | |a Danza - |x Tema Principal | ||
| 650 | |a Artes Escénicas | ||
| 700 | |a McCormack, Moira |e (autor) | ||
| 910 | |a Fondo General | ||
| 920 | |a Impresos - Libros | ||
| 930 | |a Colección General | ||
| 905 | |a 101 | ||
| 901 | |a 0500318932 |b IT1 |c ACC |i C164700 |u 20250521 | ||
| 902 | |a https://opac.biblio.iteso.mx/vufind/Record/000410056 | ||